| 000 | 00669nam a2200205Ii 4500 | ||
|---|---|---|---|
| 001 | 2342 | ||
| 003 | CO-ViMGA | ||
| 008 | 241108s9999||||xx |||||||||||||| ||und|| | ||
| 040 |
_aCO-ViMGA _bspa _erda _cCO-ViMGA |
||
| 041 | 0 | _aunk | |
| 082 | 0 | 4 | _a321.3 - H45t |
| 100 | 1 |
_aed. Hilton, Rodney Howard _954201 |
|
| 245 | 1 | 0 | _aLa transición del feudalismo al capitalismo |
| 264 | 1 | _a[Lugar de publicación no identificado] : Editorial Latina, [Fecha de publicación no identificada] | |
| 300 | _avolumen | ||
| 336 |
_atext _btxt _2rdacontent |
||
| 337 |
_aunmediated _bn _2rdamedia |
||
| 338 |
_avolume _bnc _2rdacarrier |
||
| 940 | _aidficha_siabuc: 2294. -- ficha_no_siabuc:2342 | ||
| 999 |
_c51075 _d51075 |
||